Podpora modelovej komunikácie = Modem communications support : Dipl.práca /

Guardado en:
Detalles Bibliográficos
Autor principal: Heglas, Rastislav (Autor)
Otros Autores: Dekýš, Peter (Orientador)
Formato: Manuscrito Libro
Publicado: Bratislava : STU v Bratislave FEI, 1997
Etiquetas: Agregar Etiqueta
Sin Etiquetas, Sea el primero en etiquetar este registro!

MARC

LEADER 00000ntm a22000003a 4500
001 stu10563
005 20160719164950.7
008 980121s1997----------------------------d
040 |a STU  |b slo 
041 0
100 1 |a Heglas, Rastislav  |4 aut 
245 1 |a Podpora modelovej komunikácie = Modem communications support :  |b Dipl.práca /  |c [aut.] Heglas,Rastislav; Škol. Dekýš,Peter 
260 |a Bratislava :  |b STU v Bratislave FEI,  |c 1997 
300 |a 69 s :  |b príl.,disketa 
700 1 |a Dekýš, Peter  |4 ths 
996 |b EDIPL-5398  |c I*DIPL-5398  |l II680  |s A  |a 24  |w stu10563_0001